000 00359nam a2200109Ia 4500
008 200302s9999 xx 000 0 und d
100 _aFranca Trubiano
245 _aDesign and construction of high - performance homes bulding envelopes, renewable energis and integrated practice
260 _bRoutledge Taylor and Francis Group
260 _c2013
300 _a298
999 _c6751
_d6751